Football Player to Hollywood - Statistics

General Stats
  • This quiz has been taken 14 times
  • The average score is 4 of 11
Answer Stats
Hint Answer % Correct
Dwayne Johnson
79%
Terry Bradshaw
50%
Howie Long
50%
Burt Reynolds
50%
Terry Crews
43%
Roman Reigns
43%
Joe Namath
29%
Carl Weathers
21%
Brian Bosworth
14%
Rob Gronkowski
7%
Fred Williamson
0%
No matching quizzes found
Score Distribution
Percent of People with Each Score
Percentile by Number Answered
Your Score History
You have not taken this quiz